Word Scramble- Rivers - Statistics

General Stats
  • This quiz has been taken 56 times
  • The average score is 8 of 15
Answer Stats
Scramble River % Correct
line Nile
91%
gonco ervir Congo River
89%
ssissmiippi iverr Mississippi River
89%
zonama virar Amazon River
77%
seangg Ganges
77%
nerih verir Rhine River
74%
gtzyane Yangtze
74%
ngokem eirvr Mekong River
60%
irvre hmetas River Thames
57%
usndi rvier Indus River
43%
aranap rrvie Parana River
37%
nael verri Lena River
23%
mua yarda Amu Darya
17%
athts la-braa iervr Shatt Al-Arab River
11%
lengsea Selenga
3%
No matching quizzes found
Score Distribution
Percent of People with Each Score
Percentile by Number Answered
Your Score History
You have not taken this quiz